00269nam a22000977a 4500008004100000082002000041100002500061245005300086260002300139300000900162230703b xxu||||| |||| 00| 0 eng d a351.156762bWAM cChairman W.N Wamalwa aReport of the Training Review Committeeb1971-72 aNairobibGOKc1972 a136p